| 000 | 00660nam a2200241 a 4500 | ||
|---|---|---|---|
| 999 |
_c514 _d514 |
||
| 001 | 514 | ||
| 003 | BD-JhCC | ||
| 005 | 20171005190652.0 | ||
| 008 | 171005s2006 bg |||| |||| 00| 0 ben d | ||
| 020 | _a9844129560 | ||
| 035 | _a(BD-JhCC)514 | ||
| 040 |
_aBD-JhCC _dBD-JhCC |
||
| 041 | _aben | ||
| 082 |
_a891.443 _bKAR 2006 |
||
| 100 | _aকরীম, ফজলুল | ||
| 245 |
_aঅর্ধেক মানবী / _cফজলুল করীম |
||
| 260 |
_aঢাকা : _bঅনন্যা প্রকাশনী, _c2006 |
||
| 300 |
_a75 p. : _c21 cm. |
||
| 650 | _aBengali novel | ||
| 651 | _aBangladesh | ||
| 942 |
_2ddc _cBK |
||